000 002930000a22001090004500
090 _aAS
_bSeriadas
245 1 0 _aNueva especie de Anopheles de Bogotá, Colombia
041 0 _aEspañol
100 1 _aOsorno Mesa, Ernesto
_999162
942 _cARTICULO
773 1 _tCaldasia
_345
_h20
_q431-446
_d1947
_g4
999 _c14762
_d14762